书目信息 |
| 题名: |
水世界的奥秘
|
|
| 作者: | 朱谋溪 , 张志宏 编著 | |
| 分册: | ||
| 出版信息: | 北京 科学出版社 2009.03 |
|
| 页数: | xii, 266页 | |
| 开本: | 24cm | |
| 丛书名: | ||
| 单 册: | ||
| 中图分类: | P33-49 | |
| 科图分类: | ||
| 主题词: | 水--shui--普及读物 | |
| 电子资源: | ||
| ISBN: | 978-7-03-024101-6 | |
| 000 | 00818nam0 2200241 450 | |
| 001 | 012009566559 | |
| 005 | 20091128145401.06 | |
| 010 | @a978-7-03-024101-6@dCNY25.00 | |
| 100 | @a20091128d2009 em y0chiy0120 ea | |
| 101 | 0 | @achi |
| 102 | @aCN@b110000 | |
| 105 | @ay z 000yy | |
| 106 | @ar | |
| 200 | 1 | @a水世界的奥秘@Ashui shi jie de ao mi@f朱谋溪, 张志宏编著@Fzhu mou xi,zhang zhi hong bian zhu |
| 210 | @a北京@c科学出版社@d2009.03 | |
| 215 | @axii, 266页@d24cm | |
| 330 | @a本书是一本集知识性、科学性、趣味性和可读性于一体的科普读物。 内容包括:水的特性、水的分布、水的功能、水的生态、水的天地。 | |
| 606 | 0 | @a水@Ashui@j普及读物 |
| 690 | @aP33-49@v4 | |
| 701 | 0 | @a朱谋溪@Azhu mou xi@4编著 |
| 701 | 0 | @a张志宏@Azhang zhi hong@4编著 |
| 801 | 0 | @aCN@bQSSK@c20091128 |
| 905 | @b766812-14@dP33-49@eZ867@f3 | |
| 水世界的奥秘/朱谋溪, 张志宏编著.-北京:科学出版社,2009.03 |
| xii, 266页;24cm |
| ISBN 978-7-03-024101-6:CNY25.00 |
| 本书是一本集知识性、科学性、趣味性和可读性于一体的科普读物。 内容包括:水的特性、水的分布、水的功能、水的生态、水的天地。 |
| ● |
| 相关链接 |
|
|
|
正题名:水世界的奥秘
索取号:P33-49/Z867
 
预约/预借
| 序号 | 登录号 | 条形码 | 馆藏地/架位号 | 状态 | 备注 |
| 1 | 766812 | 207668120 | 期刊室512/401自科库 120排2列5层/ [索取号:P33-49/Z867] | 在馆 | |
| 2 | 766813 | 207668139 | 自科库401/401自科库 127排1列2层/ [索取号:P33-49/Z867] | 在馆 | |
| 3 | 766814 | 207668148 | 期刊室512/401自科库 120排2列5层/ [索取号:P33-49/Z867] | 在馆 |